00704nam a2200241 a 4500001001300000003000900013005001700022008004100039020002300080082001700103100002500120245002900145260004600174300000900220500003500229505001000264650002300274700002500297902000800322942000700330952011000337999001500447nice12345678IN_TiNIC20260116012943.0050524s1981 lona grp 000 0 eng  a0040415 c21700a181.07bNAS1 aNasr, Seyyed Hossein aIslamic Life and Thought aLondonbGeorge Allen and Unwin Ltd c1981 a232p aincludes index and biblioraphy2 aIndex aPhilosophy-Islamic1 aNasr, Seyyed Hossein bSRS cBK 00104070aHMIbHMId2007-08-01g217.00l4o181.07 NAS1p010056r2022-04-18s2020-09-10w2026-01-16yEB c9038d9038